Sarawak corridor of renewable energy : an overview.
| Format: | Book |
|---|---|
| Published: |
[S.l]:
[s.n],
2007.
|
| Subjects: |
| LEADER | 00534cam a2200157 7i4500 | ||
|---|---|---|---|
| 001 | 0000026445 | ||
| 005 | 20110603090000.0 | ||
| 090 | 0 | 0 | |a M 333.79 |b SAR |
| 245 | 0 | 0 | |a Sarawak corridor of renewable energy : |b an overview. |
| 260 | 0 | 0 | |a [S.l]: |b [s.n], |c 2007. |
| 300 | # | # | |a 126 p. |
| 650 | 0 | 0 | |a Renewable energy services -- |z Sarawak, Malaysia |
| 650 | 0 | 0 | |a Power resources -- |z Sarawak, Malaysia |
| 650 | 0 | 0 | |a Sustainabe development -- |z Sarawak, Malaysia |
| 651 | 0 | 0 | |a Sarawak, Malaysia |
| 999 | |a 0000022399 |b Book |c Malaysia |e Business Information Centre | ||